Reinžinieringová prestavba procesov vo výrobnom podniku s využitím sústavy vyvážených ukazovateľov

Podnikové procesy a realizácia reinžinieringových zmien. Sústava vyvážených ukazovateľov (BSC) je nástrojom strategického riadenia a jej úlohou je preniesť víziu a stratégiu podniku do reálnych cieľov a ukazovateľov. Procesná prestavba výrobného podniku. Jednotlivé fázy reinžinieringovej prestavby....

Description complète

Enregistré dans:
Détails bibliographiques
Auteur principal: Rašner, Jaroslav
Autres auteurs: Rajnoha, Rastislav
Format: Chapitre de livre
Langue:slovaque
Sujets:
Tags: Ajouter un tag
Pas de tags, Soyez le premier à ajouter un tag!

MARC

LEADER 00000naa a2200000 4500
001 r048736
005 20231002121856.7
041 0 |a slo 
044 |a SK 
245 1 0 |a Reinžinieringová prestavba procesov vo výrobnom podniku s využitím sústavy vyvážených ukazovateľov  |c Jaroslav Rašner, Rastislav Rajnoha 
520 |a Podnikové procesy a realizácia reinžinieringových zmien. Sústava vyvážených ukazovateľov (BSC) je nástrojom strategického riadenia a jej úlohou je preniesť víziu a stratégiu podniku do reálnych cieľov a ukazovateľov. Procesná prestavba výrobného podniku. Jednotlivé fázy reinžinieringovej prestavby. Integrácia BSC do manažérskych systémov podniku. Normatívny manažment. Strategický manažment. Operatívny manažment. 
610 2 0 |a reengineering 
610 2 0 |a procesy podnikové 
610 2 0 |a prestavba podniku 
610 2 0 |a podnik výrobný 
610 2 0 |a zmeny organizačné 
610 2 0 |a systémy riadenia 
610 2 0 |a integrácia 
610 2 0 |a ukazovatele 
610 2 0 |a stratégia podniková 
100 1 |a Rašner, Jaroslav 
700 1 |a Rajnoha, Rastislav